|
|
|
|
| LEADER |
01583nam a2200385 a 4500 |
| 001 |
EBC3441885 |
| 003 |
MiAaPQ |
| 005 |
20200520144314.0 |
| 006 |
m o d | |
| 007 |
cr cn||||||||| |
| 008 |
880906s1989 pauab sb 001 0 eng d |
| 010 |
|
|
|z 88027795
|
| 020 |
|
|
|z 0812212800
|
| 020 |
|
|
|z 9780812212808
|
| 020 |
|
|
|a 9780812208016 (electronic bk.)
|
| 035 |
|
|
|a (MiAaPQ)EBC3441885
|
| 035 |
|
|
|a (Au-PeEL)EBL3441885
|
| 035 |
|
|
|a (CaPaEBR)ebr10642220
|
| 035 |
|
|
|a (CaONFJC)MIL421148
|
| 035 |
|
|
|a (OCoLC)929157668
|
| 040 |
|
|
|a MiAaPQ
|c MiAaPQ
|d MiAaPQ
|
| 050 |
|
4 |
|a G155.A1
|b H67 1989
|
| 082 |
0 |
4 |
|a 380.1/4591
|2 19
|
| 245 |
0 |
0 |
|a Hosts and guests
|h [electronic resource] :
|b the anthropology of tourism /
|c Valene L. Smith, editor.
|
| 250 |
|
|
|a 2nd ed.
|
| 260 |
|
|
|a Philadelphia :
|b University of Pennsylvania Press,
|c c1989.
|
| 300 |
|
|
|a xi, 341 p. :
|b ill., maps.
|
| 504 |
|
|
|a Includes bibliographical references (p. [281]-330) and index.
|
| 505 |
0 |
|
|a pt. I. Tourism and leisure : a theoretical overview -- pt. II. Nascent tourism in non-Western societies -- pt. III. Tourism in European resorts -- pt. IV. Tourism in complex societies -- pt. V. Towards a theory of tourism.
|
| 533 |
|
|
|a Electronic reproduction. Ann Arbor, MI : ProQuest, 2015. Available via World Wide Web. Access may be limited to ProQuest affiliated libraries.
|
| 650 |
|
0 |
|a Tourism.
|
| 655 |
|
4 |
|a Electronic books.
|
| 700 |
1 |
|
|a Smith, Valene L.
|
| 710 |
2 |
|
|a ProQuest (Firm)
|
| 856 |
4 |
0 |
|u https://ebookcentral.proquest.com/lib/matrademy/detail.action?docID=3441885
|z Click to View
|